| 000 | 00681nam a2200241Ia 4500 | ||
|---|---|---|---|
| 005 | 20260430150612.0 | ||
| 008 | 008 250103s9999 xx 000 0 eng d | ||
| 037 | _aTheses | ||
| 040 | _aCRL | ||
| 040 | _beng | ||
| 040 | _ceng | ||
| 041 | _2eng | ||
| 041 | _aeng | ||
| 084 | _qCRL | ||
| 100 |
_aSingh Arun Kumar Au.; Banerjee Madhulika Gu. _91237973 |
||
| 245 | 0 | _aPolitics of Knowledge in Development: The Case of Sugar as nn Artificial Sweetener | |
| 260 | _c2022 | ||
| 300 | _a202p. | ||
| 650 | _aPolitical Science | ||
| 700 |
_aUniversity of Delhi. Faculty of Social Science. Deptt. of Political Science _91236360 |
||
| 942 | _cTH | ||
| 999 |
_c1850184 _d1850184 |
||